| 000 | 00832nas a2200301 4500 | ||
|---|---|---|---|
| 001 | BR9904181 | ||
| 003 | BR-BrBNA | ||
| 005 | 20231205101535.0 | ||
| 007 | ta | ||
| 008 | 230509b bl.|||p| |||| 00| 00por d | ||
| 040 |
_aBR-BrBNA _bpor _cBiblioteca Nacional de Agricultura |
||
| 041 | _a(Pt) | ||
| 072 | _aL70 | ||
| 100 | 1 | _aFioravanti, M.C.S. | |
| 100 | 1 | _aSilva, L.A.F. | |
| 100 | 1 | _aLeao, M.A. | |
| 100 | 1 | _aJuliano, R.S. | |
| 100 | 1 | _aEurides, D. | |
| 100 | 1 | _aAlves, C.D. | |
| 245 | 1 | _aDescorna de bovino utilizando grampos de metal na dermorrafia | |
| 650 | _aBovino | ||
| 650 | _aDescorna | ||
| 650 | _aCirurgia | ||
| 650 | _aSutura | ||
| 773 | 0 |
_tCiencia Rural (Brazil) _xISSN 0103-8478 _g(Jul-Sep 1999), v. 29(3) p. 507-510 _wBR9904181 |
|
| 909 |
_a202311 _bLúcia _c55 _dLúcia Elande |
||
| 942 |
_2AGRIS _n0 _cANA |
||
| 999 |
_c162412 _d162412 |
||